00406nam a2200133Ia 4500003000900000008004100009040001600050080003500066100001400101245010400115260002700219300001000246650001600256IN-BaIIA211028s9999 xx 000 0 eng d cIIA Library aGEN ROY  aRoy, S.B. 0aEarly aryans of India (3100-1400 BC)cS.B. Roy  aNavarangbDirectc1989 a196p. aIndo-Aryans